Państwa o najwyższej średniej wysokości - Statystyki

Ogólne statystyki
  • Ten quiz został rozwiązany 2 455 razy
  • Średni wynik to 12 z 20
Statystyki odpowiedzi
Metry Państwo % Poprawnych
3265 Nepal
97%
1871 Chile
86%
3280 Bhutan
85%
1840 Chiny
85%
1350 Szwajcaria
83%
1555 Peru
82%
1192 Boliwia
78%
2988 Kirgistan
66%
3186 Tadżykistan
66%
1884 Afganistan
65%
1432 Gruzja
64%
1792 Armenia
62%
1528 Mongolia
62%
1996 Andora
60%
1305 Iran
57%
2161 Lesotho
33%
1598 Rwanda
32%
1504 Burundi
28%
1330 Etiopia
26%
1250 Liban
17%
Nie znaleziono quizów pasujących do podanych kryteriów
Rozkład punktacji
Procent ludzi z każdym wynikiem
Percentyl według liczby udzielonych odpowiedzi
Twoja historia wyników
Nie rozwiązałeś tego quizu